Národní dny speciálních olympiád : Olomouc 28.-30.6.1997 /

Hlavní autor: Válková, Hana, 1943-
Korporativní autor: Univerzita Palackého. Fakulta tělesné kultury
Jazyk: Čeština
Vydáno: Olomouc ; Univerzita Palackého, 1998
Vydání: 1. vyd.
Témata:
Fyzický popis: 97 s. : il. ; 21 cm
Knihy
Uloženo v:
LEADER 01397nam a2200373 a 4500
001 000336672
003 CZ BrMZK
005 20231013142527.0
007 ta
008 021018s1998 xr e f |||| 0 cze d
015 |a cnb000371091 
020 |a 80-7067-873-9 
035 |a (OCoLC)42029074 
040 |a BOA001  |b cze 
043 |a e-xr--- 
072 7 |a 796  |x Sport. Hry. Tělesná cvičení  |2 Konspekt  |9 20 
080 |a 796.032-056.2/.3  |2 MRF 
080 |a 316.344.6-056.36  |2 MRF 
080 |a (437.3)  |2 MRF 
080 |a (036)  |2 MRF 
100 1 |a Válková, Hana,  |d 1943-  |7 jn20001103482  |4 com 
245 1 0 |a Národní dny speciálních olympiád :  |b Olomouc 28.-30.6.1997 /  |c [uspořadatel Hana Válková] 
250 |a 1. vyd. 
260 |a Olomouc ;  |a Univerzita Palackého,  |c 1998 
300 |a 97 s. :  |b il. ;  |c 21 cm 
650 0 7 |a speciální olympiády  |z Česko  |7 ph125894  |2 czenas 
650 0 7 |a osoby s mentálním postižením  |z Česko  |7 ph115263  |2 czenas 
655 7 |a informační publikace  |7 fd132454  |2 czenas 
710 2 |a Univerzita Palackého.  |b Fakulta tělesné kultury  |7 kn20010709371 
910 |a BOA001  |b 2-1047.997  |b PK-0130.799 
920 |a 000362380 
990 |a BK 
996 6 |b 2610075358  |c 2-1047.997  |l MZK  |r Sklad / do 1 hodiny  |n 6  |p p.v.  |w 000336672  |u 000010  |a 1  |e BOA001  |j MZK50  |s P 
996 7 |b 3119014362  |c PK-0130.799  |l MZK  |r Sklad / do 1 hodiny  |n 3  |p kup  |w 000336672  |u 000020  |a 1  |e BOA001  |j MZK50  |s A